| 000 | 00941cam a2200265 a 4500 | ||
|---|---|---|---|
| 001 | 000014048 | ||
| 003 | UkOxU | ||
| 005 | 20200929163442.0 | ||
| 008 | 731003s1980 mx a 000 0 spa d | ||
| 035 | _aOCLC ocm00708968 from D960823M | ||
| 040 |
_aDO-SdBNP _bspa _cBNPHU _dCNE _dEQO |
||
| 082 |
_a305.43 _bR188m, 1980 |
||
| 100 | 1 |
_aRandall, Margaret, _d1936- _931819 |
|
| 245 | 1 | 0 |
_aMujeres en la revolución / _cMargaret Randall conversa con mujeres cubanas ; fotografías de Mayra Álvarez Martínez. |
| 250 | _a5a. ed. | ||
| 260 |
_aMéxico : _bSiglo Veintiuno Editores, _c1980. |
||
| 300 |
_a375 p. : _bil. ; _c18 cm. |
||
| 490 | 1 | _aSociología y política | |
| 650 | 4 |
_aMujeres _xCondiciones sociales _zCuba. _931820 |
|
| 650 | 4 |
_aMujeres _xCuestiones sociales y morales _zCuba _931821 |
|
| 700 | 1 |
_aÁlvarez Martínez, Mayra. _931822 |
|
| 830 | 0 |
_aSociología y política. _917789 |
|
| 910 | _aCatalogación derivada | ||
| 049 | _aBNGR | ||
| 999 |
_c13650 _d13650 |
||